000
00256nam a2200109Ia 4500
005
20251222155143.0
008
251222s9999||||xx |||||||||||||| ||spa||
082
_a
EBA. 27
245
0
_a
Modelos y teorÃas de enfermerÃa
264
_b
No tiene
942
_c
LIB
999
_c
39283
_d
39283